00599nam a2200205 a 4500001001000000003000900010005001700019007001000036008004100046040002200087100002200109245006700131260003500198300002700233490002100260650003500281650003500316700002100351830002100372000045315DO-SdBNP20171107092404.0000045315150302s1998 dr a 000 0 spa d aBPMSUbspacBPMSU1 aCarrón, Lorelay10aJinete de nubes /cLorelay Carrón ; ilustraciones Henry Cid. aSanto Domngo :bTaller,c1998. a16 p. :bil. ;c22 cm.1 aPara vivir mejor 2CUENTOS INFANTILES DOMINICANOS 2LITERATURA INFANTIL DOMINICANA12aCid, Henry,eil. 0aPara vivir mejor